00518nam a2200193Ia 4500999001500000003000400015005001700019008004100036020001800077040000900095082001900104100002700123245004100150250001200191260004700203300000900250650002100259942004400280 c8691d8691OSt20201008132159.0190216s9999||||xx |||||||||||||| ||und|| a9788120314597 coclc a005.754bCOM/I aComer, Douglas E95482 0aThe Internet Book /cDouglas E Comer a2nd Ed. bPrentice Hall Of India,c2001.aNew Delhi: a327p aComputer Science cBK2ddch005.754iCOM/Ik005.754mCOM/I